Responses for Show #3020 - Friday, October 17, 1997

Peter Scott game 5.

Contestants

[<< previous game]

Maribeth Swiatek, a graduate student originally from Chicago, Illinois

Greg Ellis, a law student from San Pedro, California

Peter Scott, an advertising manager from Washington, D.C. (whose 4-day cash winnings total $44,803)

[next game >>]

Jeopardy! Round responses

WORLD HISTORY
THEY ALMOST STARRED IN...
LOUISIANIANS
CORN FED
ART SUPPLIES
OXYMORONS
    $100 6
Spain

Maribeth
    $100 1
Bela Lugosi

Maribeth
    $100 11
Richard Simmons

Maribeth
    $100 18
Corn on the cob

Maribeth
    $100 19
Brush

Maribeth
    $100 13
Shrimp

Greg
    $200 7
Richard I

Maribeth
    $200 2
One Flew Over the Cuckoo's Nest

Greg
    $200 12
Ray Walston

Greg
    $200 27
Popcorn

Peter
    $200 20
Crayon

Maribeth
    $200 14
Dull

Peter
    $900 8
Julius Caesar

Maribeth
    $300 3
(Alex: Elizabeth Taylor got the part.)

Giant

Peter
    $300 15
Jerry Lee Lewis

Peter
    $300 28
(Greg: What are grills?)

Griddles

Greg
Triple Stumper
    $300 21
Canvas

Maribeth
    $300 24
Defense

Maribeth
    $400 9
(Peter: What is Ghent?)

Delft

Peter
Triple Stumper
    $400 4
Midnight Cowboy

Peter
    $400 16
Terry Bradshaw

Greg
    $400 29
Chowder

Maribeth
    $400 22
(Greg: What is clay?)
(Maribeth: What is wax?)
...
(Alex: Michelangelo worked in it a lot.)

Marble

GregMaribeth
Triple Stumper
    $400 25
The Living Dead

Maribeth
    $500 10
U.S.S. Missouri

Peter
    $500 5
Dead Poets Society

Maribeth
    $500 17
Michael DeBakey

Peter
    $500 30
Hush puppies

Peter
    $500 23
(Peter: What is acetate?)
[Initially ruled incorrect; reversed before Double Jeopardy!]

Cel

PeterMaribeth
    $500 26
Ugly

Maribeth

Scores at the first commercial break (after clue 14):

Peter Greg Maribeth
$1,000 $500 $1,900

Scores at the end of the Jeopardy! Round:

Peter Greg Maribeth
$3,000 $200 $4,300

Double Jeopardy! Round responses

COUNTIES BY STATE
POP MUSIC
"A" IN SEX EDUCATION
INSURANCE
THEATER ALFRESCO
LETTER TO ADD
(Alex: We will ask you to add a letter in order to come up with the correct response)
    $200 7
Washington

Peter
    $200 2
Sting (Gordon Sumner)

Maribeth
    $200 17
Adolescence

Peter
    $200 1
Lloyd's of London

Maribeth
    $200 19
William Tell

Peter
    $200 12
P (Pink)

Maribeth
    $400 8
Virginia

Peter
    $400 3
(Peter: Who is Stevie Wonder?)

Michael Jackson

PeterGreg
    $400 21
Asexual

Maribeth
    $400 18
Hartford

Maribeth
    $400 23
Daniel Boone

Maribeth
    $400 13
F (Fire)

Maribeth
    $600 9
New Mexico

Greg
    $600 4
Rod Stewart

Greg
    $600 22
Albatross

Maribeth
    $600 20
Malpractice

Greg
    $600 24
(Maribeth: What is Sweden?)

Norway

PeterMaribeth
    $600 14
S (Slack)

Maribeth
    $800 10
South Carolina

Maribeth
    $1,200 5
Mr. Tambourine Man

Greg
    $1,500 27
(Greg: What is an anther?)

Angiosperm

Greg
    $800 25
HMOs (Health Maintenance Organizations)

Maribeth
    $800 29
(Greg: What is Illinois?)

Oregon

PeterGreg
    $800 15
M (Mall)

Maribeth
    $1000 11
Ohio

Greg
    $1000 6
[Alex sings a bar of "Poor Little Fool".]
(Peter: That was scary!)

Ricky Nelson

Peter
    $1000 28
Androgen

Greg
    $1000 26
Mutual

Greg
    $1000 16
C (Crook)

Maribeth

Scores at the end of the Double Jeopardy! Round:

Peter Greg Maribeth
$6,000 $4,300 $10,500

[wagering suggestions for these scores]

Final Jeopardy! Round responses

CONGRESSMEN
(Alex: You think of the [*] plan;
[*]-Smathers Bill.)
GregWho is Dole?
$4,300
PeterWho is Sam Rayburn
$5,999
MaribethWho was Hatch?
$1,501
Eugene Keogh

Final scores:

Peter Greg Maribeth
$1 $0 $8,999
2nd place: Trip to Quail Lodge Resort & Golf Club, Carmel, California 3rd place: Motorola StarTac Cellular Phone New champion: $8,999

Game dynamics:

Coryat scores:

Peter Greg Maribeth
$6,000 $5,400 $9,900
16 R,
2 W
12 R
(including 1 DD),
4 W
(including 1 DD)
28 R
(including 1 DD),
2 W

Combined Coryat: $21,300

[game clues] [game scores] [suggest correction]

Game tape date: Unknown
The J! Archive is created by fans, for fans. Scraping, republication, monetization, and malicious use prohibited; this site may use cookies and collect identifying information. See terms. The Jeopardy! game show and all elements thereof, including but not limited to copyright and trademark thereto, are the property of Jeopardy Productions, Inc. and are protected under law. This website is not affiliated with, sponsored by, or operated by Jeopardy Productions, Inc. Join the discussion at JBoard.tv.